|
|
|
|
| LEADER |
01244nam a22003135a 4500 |
| 001 |
30985 |
| 003 |
BD-DhAAL |
| 005 |
20160503101347.0 |
| 008 |
160503s2016 bg 000 0 eng |
| 010 |
|
|
|a 2015362442
|
| 020 |
|
|
|a 9789848715192
|
| 037 |
|
|
|b Library of Congress -- New Delhi Overseas Office
|
| 040 |
|
|
|a DLC
|c DLC
|d BD-DhAAL
|
| 041 |
|
|
|a eng
|
| 082 |
0 |
0 |
|2 22
|a 891.44301
|
| 245 |
0 |
0 |
|a Spiders and other stories /
|c Saleha Chowdhury ; edited by Niaz Zaman.
|
| 260 |
|
|
|a Dhaka :
|b writers.ink,
|c 2016.
|
| 300 |
|
|
|a 167 pages.
|
| 520 |
|
|
|a English translations of short stories originally written in Bangla.
|
| 521 |
|
|
|a ENH
|
| 541 |
|
|
|e 30985
|
| 546 |
|
|
|a In English.
|
| 650 |
|
0 |
|a Short stories, Bengali
|x Translations into English.
|9 19377
|
| 700 |
1 |
|
|a Chowdhury, Saleha
|9 19378
|
| 700 |
1 |
|
|a Zaman, Niaz
|9 19379
|
| 942 |
|
|
|2 ddc
|c BK
|
| 999 |
|
|
|c 37515
|d 37515
|
| 952 |
|
|
|0 0
|1 0
|2 ddc
|4 0
|6 891_443010000000000_SPI
|7 0
|9 58915
|a BRACUL
|b BRACUL
|c GEN
|d 2016-05-03
|e Writers.ink
|g 400.00
|l 0
|o 891.44301 SPI
|p 3010030985
|r 2016-05-03
|t 1
|w 2016-05-03
|y BK
|
| 952 |
|
|
|0 0
|1 0
|2 ddc
|4 0
|6 891_443010000000000_SPI
|7 0
|9 58916
|a BRACUL
|b BRACUL
|c GEN
|d 2016-05-03
|e Writers.ink
|g 400.00
|l 1
|m 2
|o 891.44301 SPI
|p 3010030986
|r 2018-06-03
|s 2018-05-13
|t 2
|w 2016-05-03
|y BK
|